000 00544nam a2200193Ia 4500
005 20250508162837.0
008 008 250505s9999 xx 000 0 eng d
037 _aTextual
040 _aFEDL
_beng
_cFEDL
041 _aeng
_2eng
084 _a370.1, PIL
_qFEDL
100 _aPillai K. Sivadasan
_9578224
245 0 _aContemorary issues in education
260 _aIndia
_bThe Associated Publishers
_c1990
300 _a110p.
650 _aEducation - Philosophy
942 _cTEXL
_h370.1, PIL
999 _c1379004
_d1379004